[Event "Titled Tuesday intern op 19th Jul Early"]
[Site "Chess.com INT"]
[Date "2022.07.19"]
[Round "6"]
[White "Csonka, Balazs"]
[Black "Erenberg, Ariel"]
[Result "0-1"]
[WhiteElo "2495"]
[BlackElo "2516"]
[PlyCount "144"]
[EventDate "2022.07.19"]
[EventType "swiss (blitz)"]
[EventRounds "11"]
[EventCountry "USA"]
[SourceTitle "EXT 2023"]
[Source "ChessBase"]
[SourceDate "2022.10.05"]
[SourceVersion "1"]
[SourceVersionDate "2022.10.05"]
[SourceQuality "1"]

1. d4 Nf6 2. c3 e6 3. Bf4 b6 4. Nf3 Bb7 5. Nbd2 Be7 6. h3 0-0 7. e3 c5 8. Bd3 cxd4 9. exd4 d6 10. Bh2 a6 11. 0-0 Re8 12. Re1 Nbd7 13. Nc4 Nf8 14. a4 Ng6 15. Nfd2 Nd5 16. Qb3 Rc8 17. Be4 Qc7 18. Nxb6 Nxb6 19. Bxb7 Qxb7 20. a5 Rc6 21. axb6 Rxb6 22. Qa4 Rc8 23. Nc4 Rb5 24. Ne3 Rxb2 25. Qxa6 d5 26. Rec1 Qxa6 27. Rxa6 Bg5 28. Bg3 h5 29. Ra3 h4 30. Bh2 Bxe3 31. fxe3 Re2 32. c4 dxc4 33. Rac3 Ne7 34. Kf1 Ra2 35. Rxc4 Rxc4 36. Rxc4 Nd5 37. Bg1 Ra1+ 38. Kf2 Ra2+ 39. Kf3 Ra3 40. Bf2 g5 41. Rc2 f5 42. Ke2 Kf7 43. Rd2 Kf6 44. Rc2 Nc3+ 45. Kf1 Ne4 46. Rc1 Ra2 47. Be1 Ra6 48. Rb1 Kg6 49. Rc1 Ra2 50. Rd1 Ra8 51. d5 Rd8 52. d6 Rxd6 53. Rxd6 Nxd6 54. g3 hxg3 55. Bxg3 Ne4 56. Bh2 Kf6 57. Kg2 e5 58. Kf3 Nd6 59. Bg3 Nc4 60. Be1 e4+ 61. Ke2 f4 62. exf4 gxf4 63. Bb4 Kf5 64. Bc5 e3 65. Kf3 Ne5+ 66. Ke2 Ke4 67. Bxe3 fxe3 68. h4 Ng4 69. h5 Kf4 70. Ke1 Kf3 71. Kf1 Nh6 72. Ke1 e2 0-1

[Event "Titled Tuesday intern op 19th Jul Late"]
[Site "Chess.com INT"]
[Date "2022.07.19"]
[Round "6"]
[White "Erenberg, Ariel"]
[Black "Aghasiyev, Kamal"]
[Result "0-1"]
[WhiteElo "2516"]
[BlackElo "2441"]
[PlyCount "80"]
[EventDate "2022.07.19"]
[EventType "swiss (blitz)"]
[EventRounds "11"]
[EventCountry "USA"]
[SourceTitle "EXT 2023"]
[Source "ChessBase"]
[SourceDate "2022.10.05"]
[SourceVersion "1"]
[SourceVersionDate "2022.10.05"]
[SourceQuality "1"]

1. d4 d5 2. c4 e6 3. Nc3 Nf6 4. cxd5 exd5 5. Bg5 c6 6. e3 Nbd7 7. Bd3 Be7 8. Nge2 h6 9. Bh4 Nh5 10. Bxe7 Qxe7 11. g4 Nhf6 12. h3 Nb6 13. Qc2 Bd7 14. Ng3 0-0-0 15. 0-0-0 Kb8 16. Kb1 Rc8 17. Rhe1 c5 18. Nf5 Bxf5 19. Bxf5 Rc6 20. dxc5 Rxc5 21. Rd4 g6 22. Bd3 Rhc8 23. Rd1 Qe5 24. a3 Qh2 25. Rf4 d4 26. Rxf6 dxc3 27. b4 R5c7 28. Rf3 Qe5 29. Rf4 a5 30. Be2 Nc4 31. Bxc4 Rxc4 32. Rxc4 Rxc4 33. Rd4 Rxd4 34. exd4 Qxd4 35. bxa5 Qc5 36. Qb3 Qd4 37. Qc2 Ka7 38. a4 Qb4+ 39. Kc1 Qxa5 40. Qb3 Qc5 0-1